Financial accounting / (Record no. 16971)

MARC details
000 -LEADER
fixed length control field 00915nam a22002177a 4500
008 - FIXED-LENGTH DATA ELEMENTS--GENERAL INFORMATION
fixed length control field 081021t xxu||||| |||| 00| 0 eng d
010 ## - LCCN (DPL NO)
LC control number ENG-91402
020 ## - INTERNATIONAL STANDARD BOOK NUMBER
Terms of availability 90.00
International Standard Book Number 9788190715263
035 ## - SYSTEM CONTROL NUMBER
System control number EN-74935
037 ## - SOURCE OF ACQUISITION
Source of stock number/acquisition DBAD / PUB
040 ## - CATALOGING SOURCE
Original cataloging agency dpl
Language of cataloging English
082 ## - DEWEY DECIMAL CLASSIFICATION NUMBER
Classification number 657.48
100 ## - MAIN ENTRY--PERSONAL NAME
Personal name Xavior Selvakumar, A.
245 ## - TITLE STATEMENT
Title Financial accounting /
Statement of responsibility, etc by A. Xavior Selvakumar
260 ## - PUBLICATION, DISTRIBUTION, ETC. (IMPRINT)
Place of publication, distribution, etc Chennai
Name of publisher, distributor, etc Vizhichudar Pathippagam
Date of publication, distribution, etc 2008
300 ## - PHYSICAL DESCRIPTION
Extent 105p.
Dimensions 20cm (pbk)
650 ## - SUBJECT ADDED ENTRY--TOPICAL TERM
Topical term or geographic name as entry element Accounting
942 ## - ADDED ENTRY ELEMENTS (KOHA)
Source of classification or shelving scheme Dewey Decimal Classification
Item type English Books
Call number suffix SEL
Classification part 657.48
Holdings
Withdrawn status Lost status Source of classification or shelving scheme Damaged status Not for loan Collection code Home library Current library Date acquired Source of acquisition Cost, normal purchase price Total Checkouts Full call number Barcode Date last seen Copy number Cost, replacement price Koha item type Total Renewals Checked out
    Dewey Decimal Classification   Not For Loan Non-fiction D.B.Act.Division D.B.Act.Division 21/10/2008 DBAD / PUB 90.00   657.48 SEL EN-74935 21/10/2008 1 90.00 English Books    
    Dewey Decimal Classification     Non-fiction Vinoba Puri Vinoba Puri 05/03/2009   90.00 9 657.48 SEL B-317789 25/02/2011 1 90.00 English Books 4 11/03/2011

© Delhi Public Library
Hit Counter
free hit counter